000 00893nam a22002777a 4500
003 OSt
005 20230629104635.0
008 230629b |||||||| |||| 00| 0 eng d
020 _a9781137271990
040 _cNIRUC
050 _aJZ6374
_b.R47
130 _aResponding to conflict in Africa : the United Nations and regional organizations
245 _aResponding to conflict in Africa :
_bthe United Nations and regional organizations /
_cJane Boulden.
260 _aNew York, NY :
_bPalgrave Macmillan,
_c2013.
300 _axi,326p. :
_bill. ;
_c23cm.
650 _2Africa
650 _2Regionalism (International organization)
650 _2Conflict management
650 _2Peacekeeping forces
650 _2United Nations
650 _2Crisis management
650 _2Political science
650 _2Politics and war
700 _aJane Boulden
_dEditor
942 _2lcc
_cBK
_n0
999 _c342
_d342